000 00892cam a2200229 4500
008 000000n1999 000 0 eng u
020 _a0070140197
035 _a(Sirsi) u101172
041 _aeng
050 _a697.4
100 _aCarrow, R
245 _aEnergy systems.
260 _aLondon
_bMcGraw Hill
_c1999
300 _a310p. ; 23cm.
350 _a31.99
520 _aThis book shows you how to construct the energy-saving homes that today's buyers want. Even if you're building, remodelling or selecting just one single house, this will prove a useful text. The book is designed for home builders, home buyers and renovators. There are chapters on Energy-Saving Systems, Measuring Energy Savings, and, Solar Energy.
650 _aHOUSING
650 _aEnvironment
_96238
650 _aCONSERVATION
690 _aENVIRONMENTAL AND LAND CONSULTANCY-ENERGY
942 _n0
999 _c100033
_d100033